000 00244nam a2200109Ia 4500
008 190216s9999||||xx |||||||||||||| ||und||
100 _aKanam E J
245 0 _aIrikkoo Samsarikkam
260 _bVeenus Press
650 _aMalayalam
942 _cBK
999 _c26514
_d26514